|
|
|
|
| LEADER |
00000nam a2200000 a 4500 |
| 001 |
vtls001520843 |
| 003 |
SK-MaSNL |
| 005 |
20260302073918.0 |
| 008 |
171201s2005 xo a g f 000 0 slo |
| 015 |
|
|
|a SNBA2005/05-01843
|
| 020 |
|
|
|a 8088982898
|q (brož.)
|
| 035 |
|
|
|a A3FD73FD-662B-40D8-A04D-5367519F18B2
|
| 035 |
|
|
|a urn:nbn:sk:snk-aml3n9
|
| 035 |
|
|
|a urn:nbn:sk:snk-am008k7f
|
| 040 |
|
|
|a SNK
|b slo
|c SNK
|e AACR2
|
| 041 |
0 |
|
|a slo
|
| 044 |
|
|
|a xo
|c SK
|
| 072 |
|
7 |
|a 159.93/.94
|x Senzorické a motorické funkcie. Emócie. Vôľa
|2 konspekt
|
| 080 |
|
|
|a 159.942
|2 MDT-MRF
|
| 080 |
|
|
|a 159.923.5
|2 MDT-MRF
|
| 080 |
|
|
|a 159.954
|2 MDT-MRF
|
| 080 |
|
|
|a 371.3
|2 MDT-MRF
|
| 080 |
|
|
|a (035)
|2 MDT-MRF
|
| 080 |
|
|
|a 364.63-057.8
|2 MDT-MRF
|
| 245 |
0 |
0 |
|a Možnosti efektívneho využívania programu proti násiliu v školách Srdce na dlani
|b poradca pre učiteľov v ich práci s programom
|c [kolektív autorov: Dana Čechová ... [et al.]
|n 2. diel
|
| 250 |
|
|
|a [1. vyd.]
|
| 260 |
|
|
|a Bratislava
|b STIMUL
|c 2005
|
| 300 |
|
|
|a 73 s.
|b ilustr.
|c 21 cm
|
| 504 |
|
|
|a Bibliogr. s. 69-73
|
| 610 |
2 |
7 |
|a Srdce na dlani (program)
|9 247452
|
| 650 |
0 |
7 |
|a násilie v škole
|2 SNKPH
|9 68901
|
| 650 |
0 |
7 |
|a emocionálna inteligencia
|2 SNKPH
|9 69969
|
| 650 |
0 |
7 |
|a sebavýchova
|2 SNKPH
|9 4290
|
| 650 |
0 |
7 |
|a kreativita
|2 SNKPH
|9 4339
|
| 650 |
0 |
7 |
|a vyučovanie
|2 SNKPH
|9 1522
|
| 655 |
|
7 |
|a príručky
|2 SNKPH
|9 74364
|
| 700 |
1 |
|
|a Čechová, Dana
|4 aut
|9 608391
|
| 700 |
1 |
|
|a Gajdošová, Eva,
|d 1951-
|4 aut
|9 208000
|
| 700 |
1 |
|
|a Herényiová, Gabriela,
|d 1953-
|4 aut
|9 215944
|
| 700 |
1 |
|
|a Kuklišová, Mária
|4 aut
|9 402962
|
| 700 |
1 |
|
|a Rijáková, Zita
|4 aut
|9 651350
|
| 700 |
1 |
|
|a Sobiová, Eva
|4 aut
|9 738909
|
| 919 |
|
|
|a 80-88982-89-8
|
| 968 |
|
|
|d 1
|
| 999 |
|
|
|c 1162835
|d 1164765
|
| 952 |
|
|
|a SNK
|b SNK
|y PREZ
|7 0
|p 17A0461161
|o snkSC 119437/2
|i snk2005/4458
|8 0
|0 0
|1 0
|4 0
|d 2005-03-22
|f 1
|l 0
|r 2025-05-28 00:00:00
|w 2026-02-24
|
| 952 |
|
|
|a SNK
|b SNK
|y VYP
|7 0
|p 17A0461162
|o snkSC 119437/2 D1
|i snk2005/4460
|8 0
|0 0
|1 0
|4 0
|d 2005-03-22
|l 0
|r 2026-02-24 20:38:58
|w 2026-02-24
|